<?xml version="1.0" encoding="UTF-8"?>
<record
    xmlns:xsi="http://www.w3.org/2001/XMLSchema-instance"
    xsi:schemaLocation="http://www.loc.gov/MARC21/slim http://www.loc.gov/standards/marcxml/schema/MARC21slim.xsd"
    xmlns="http://www.loc.gov/MARC21/slim">

  <leader>01321nam a22002657a 4500</leader>
  <controlfield tag="003">OSt</controlfield>
  <controlfield tag="005">20221025120438.0</controlfield>
  <controlfield tag="008">120618t        xxu||||| |||| 00| 0 eng d</controlfield>
  <datafield tag="020" ind1=" " ind2=" ">
    <subfield code="a">9781111836825 (pbk.) </subfield>
  </datafield>
  <datafield tag="020" ind1=" " ind2=" ">
    <subfield code="a">1111836825 (pbk.)</subfield>
  </datafield>
  <datafield tag="040" ind1=" " ind2=" ">
    <subfield code="c">LC</subfield>
  </datafield>
  <datafield tag="050" ind1=" " ind2=" ">
    <subfield code="a">HM1221.H46</subfield>
  </datafield>
  <datafield tag="100" ind1=" " ind2=" ">
    <subfield code="q"> Hayes, Darrell C.</subfield>
    <subfield code="9">654</subfield>
  </datafield>
  <datafield tag="245" ind1=" " ind2=" ">
    <subfield code="a">Public relations cases. /</subfield>
    <subfield code="c">Darrell C. Hayes, Jerry A. Hendrix, Pallavi Damani Kumar.</subfield>
  </datafield>
  <datafield tag="250" ind1=" " ind2=" ">
    <subfield code="a">9th ed.</subfield>
  </datafield>
  <datafield tag="260" ind1=" " ind2=" ">
    <subfield code="a">Boston, MA: </subfield>
    <subfield code="b">Wadsworth/Cengage Learning, </subfield>
    <subfield code="c">2013.</subfield>
  </datafield>
  <datafield tag="300" ind1=" " ind2=" ">
    <subfield code="a">xxi, 425 p. : </subfield>
    <subfield code="b">ill.;</subfield>
    <subfield code="c">23cm </subfield>
  </datafield>
  <datafield tag="500" ind1=" " ind2=" ">
    <subfield code="a">Includes index.</subfield>
  </datafield>
  <datafield tag="505" ind1=" " ind2=" ">
    <subfield code="a">Contents: 1. Solving public relations problems: Public relations in action -- A public relations process -- 2. Reading major audiences: Media relations -- Social media -- Internal communications -- Community relations -- Public affairs and government relations -- Investor and financial relations consumer relations international public relations -- Relations with special public -- 3. Emergency public relations: Crisis communication -- 4. Integrated marketing communications: Integrated marketing communications --  </subfield>
  </datafield>
  <datafield tag="653" ind1=" " ind2=" ">
    <subfield code="a">Public relations--United States--Case studies. </subfield>
  </datafield>
  <datafield tag="653" ind1=" " ind2=" ">
    <subfield code="a">Publicity--Case studies.</subfield>
  </datafield>
  <datafield tag="700" ind1=" " ind2=" ">
    <subfield code="q">Hendrix, Jerry A. </subfield>
    <subfield code="9">655</subfield>
  </datafield>
  <datafield tag="700" ind1=" " ind2=" ">
    <subfield code="q">Kumar, Pallavi D.</subfield>
    <subfield code="9">656</subfield>
  </datafield>
  <datafield tag="942" ind1=" " ind2=" ">
    <subfield code="2">lcc</subfield>
    <subfield code="c">BK</subfield>
  </datafield>
  <datafield tag="999" ind1=" " ind2=" ">
    <subfield code="c">8292</subfield>
    <subfield code="d">15792</subfield>
  </datafield>
  <datafield tag="952" ind1=" " ind2=" ">
    <subfield code="0">0</subfield>
    <subfield code="1">0</subfield>
    <subfield code="2">lcc</subfield>
    <subfield code="4">0</subfield>
    <subfield code="7">0</subfield>
    <subfield code="a">WIUC-KL</subfield>
    <subfield code="b">WIUC-KL</subfield>
    <subfield code="c">GEN</subfield>
    <subfield code="d">2019-11-13</subfield>
    <subfield code="o">HM1221.H46</subfield>
    <subfield code="p">K/1981/1981/19</subfield>
    <subfield code="r">2021-12-14 00:00:00</subfield>
    <subfield code="t">1</subfield>
    <subfield code="w">2021-12-14</subfield>
    <subfield code="y">BK</subfield>
  </datafield>
  <datafield tag="952" ind1=" " ind2=" ">
    <subfield code="0">0</subfield>
    <subfield code="1">0</subfield>
    <subfield code="2">lcc</subfield>
    <subfield code="4">0</subfield>
    <subfield code="7">0</subfield>
    <subfield code="a">WIUC-KL</subfield>
    <subfield code="b">WIUC-KL</subfield>
    <subfield code="c">GEN</subfield>
    <subfield code="d">2019-11-13</subfield>
    <subfield code="l">0</subfield>
    <subfield code="o">HM1221.H461</subfield>
    <subfield code="p">K/1982/1982/19</subfield>
    <subfield code="r">2022-10-25 00:00:00</subfield>
    <subfield code="t">2</subfield>
    <subfield code="w">2021-12-14</subfield>
    <subfield code="y">BK</subfield>
  </datafield>
  <datafield tag="952" ind1=" " ind2=" ">
    <subfield code="0">0</subfield>
    <subfield code="1">0</subfield>
    <subfield code="2">lcc</subfield>
    <subfield code="4">0</subfield>
    <subfield code="7">0</subfield>
    <subfield code="a">WIUC-KL</subfield>
    <subfield code="b">WIUC-KL</subfield>
    <subfield code="c">GEN</subfield>
    <subfield code="d">2019-11-13</subfield>
    <subfield code="l">0</subfield>
    <subfield code="o">HM1221.H462</subfield>
    <subfield code="p">K/1983/1983/19</subfield>
    <subfield code="r">2022-10-25 00:00:00</subfield>
    <subfield code="t">3</subfield>
    <subfield code="w">2021-12-14</subfield>
    <subfield code="y">BK</subfield>
  </datafield>
  <datafield tag="952" ind1=" " ind2=" ">
    <subfield code="0">0</subfield>
    <subfield code="1">0</subfield>
    <subfield code="2">lcc</subfield>
    <subfield code="4">0</subfield>
    <subfield code="7">0</subfield>
    <subfield code="a">WIUC-KL</subfield>
    <subfield code="b">WIUC-KL</subfield>
    <subfield code="c">GEN</subfield>
    <subfield code="d">2019-11-13</subfield>
    <subfield code="l">0</subfield>
    <subfield code="o">HM1221.H463</subfield>
    <subfield code="p">K/1984/1984/19</subfield>
    <subfield code="r">2022-10-25 00:00:00</subfield>
    <subfield code="t">4</subfield>
    <subfield code="w">2021-12-14</subfield>
    <subfield code="y">BK</subfield>
  </datafield>
  <datafield tag="952" ind1=" " ind2=" ">
    <subfield code="0">0</subfield>
    <subfield code="1">0</subfield>
    <subfield code="2">lcc</subfield>
    <subfield code="4">0</subfield>
    <subfield code="7">0</subfield>
    <subfield code="a">WIUC-KL</subfield>
    <subfield code="b">WIUC-KL</subfield>
    <subfield code="c">GEN</subfield>
    <subfield code="d">2019-11-13</subfield>
    <subfield code="l">0</subfield>
    <subfield code="o">HM1221.H464</subfield>
    <subfield code="p">K/2128/2128/19</subfield>
    <subfield code="r">2022-10-25 00:00:00</subfield>
    <subfield code="t">5</subfield>
    <subfield code="w">2021-12-14</subfield>
    <subfield code="y">BK</subfield>
  </datafield>
</record>
